Statistics for Five Least Corrupt Countries by Continent

Click here to take the quiz!

General Stats

  • This quiz has been taken 237 times
  • The average score is 20 of 29

Answer Stats

Continent Score Country % Correct
North America74United States
96%
North America81Canada
96%
Oceania80Australia
92%
Oceania91New Zealand
92%
Europe87Sweden
92%
Europe86Norway
92%
Europe89Finland
89%
Asia76Japan
86%
Europe92Denmark
86%
South America73Chile
83%
South America43Brazil
78%
South America38Peru
76%
South America73Uruguay
75%
Europe86Switzerland
72%
Asia84Singapore
72%
North America71Bahamas
68%
South America37Colombia
68%
Oceania25Papua New Guinea
63%
Oceania52Samoa
58%
Africa49Lesotho, Namibia, Rwanda
56%
North America74Barbados
54%
Africa55Seychelles
52%
Africa54Mauritius
49%
Asia70United Arab Emirates
48%
Africa57Cape Verde
47%
Asia69Qatar
47%
Africa63Botswana
41%
North America67St. Vincent & Grenadines
37%
Asia65Bhutan
28%

Score Distribution

Percentile by Number Answered

Percent of People with Each Score

Your Score History

You have not taken this quiz